Starší žiaci hrajú opäť okresné majstrovstvo

Bibliographic Details
Main Author: Lalík, Július (Author)
Format: Article
Language:Slovak
PhysicalDescription:Fotogr.
Subjects:

MARC

LEADER 00000nab a2200000 a 4500
001 vtls010635522
003 SK-MaSNL
005 20260305041102.0
008 141113c20140418xo zrzp 0 0slo
038 |a RVGKPD 
040 |a RVGKPD  |b slo  |c RVGKPD  |e AACR2 
041 |a slo 
044 |a xo  |c SK 
080 |2 2008 
100 1 |a Lalík, Július  |4 aut  |9 691801 
245 1 0 |a Starší žiaci hrajú opäť okresné majstrovstvo  |c Július Lalik 
300 |b Fotogr. 
650 0 7 |a futbal  |x starší žiaci  |2 rvgkpd  |9 1035146 
651 7 |a Slavošovce (Slovensko)  |2 rvgkpd  |9 28955 
651 7 |a Rožňava (Slovensko : okres)  |2 rvgkpd  |9 19215 
773 0 |t Slavošovské obecné noviny  |g Roč. XIX, č. 74-75 (2014), s. 12 
852 |a RVGKPD  |b KIS3G 
992 |a RBX 
999 |c 3341964  |d 3343894